"Bohemia" - mein Schicksal : eine Familiengeschichte : Roman /

Hlavní autor: Koplowitz, Jan, 1909-2001
Jazyk: Němčina
Vydáno: Halle : Mitteldeutscher Verlag, 1983
Vydání: 7. Aufl.
Fyzický popis: 718 s.
Knihy
Uloženo v:
LEADER 00652nam a2200205 a 4500
001 000467321
003 CZ BrMZK
005 20181005081706.0
007 ta
008 000105s1983 gw f ger d
040 |a BOA001  |b cze 
080 9 |a 830(430.2)-31  |2 MRF 
100 1 |a Koplowitz, Jan,  |d 1909-2001  |7 jn19990004538  |4 aut 
245 1 0 |a "Bohemia" - mein Schicksal :  |b eine Familiengeschichte : Roman /  |c Jan Koplowitz 
250 |a 7. Aufl. 
260 |a Halle :  |b Mitteldeutscher Verlag,  |c 1983 
300 |a 718 s. 
910 |a BOA001  |b 2-0873.929 
990 |a BK 
996 7 |b 2619695228  |c 2-0873.929  |l MZK  |r Sklad / do 1 hodiny  |n 1  |w 000467321  |u 000010  |a 1  |e BOA001  |j MZK50  |s A